000 00592nam a2200193 i 4500
001 41028
003 ES-MaACL
007 t|
008 030307s1981 sp ||||1| spa d
100 1 _aCarpentier, Alejo.
_935442
245 1 3 _aLa novela latinoamericana en vísperas de un nuevo siglo y otros ensayos /
_cAlejo Carpentier.
250 _a[2ª ed.].
260 _a[Madrid, etc.] :
_bSiglo Veintiuno,
_c[1981]
300 _a252 p. ;
_c21 cm.
490 1 _aLa Creación literaria
830 0 _aLa Creación literaria
_9179894
852 _aES-MaACL
_jL-839
_bR.101567
999 _c41028
_d41028